[Event "BCF-chT3W 2324 (4NCL)"]
[Site "England"]
[Date "2024.03.09"]
[Round "7.65"]
[White "Walker, Andrew N"]
[Black "Lagura, Marcelo"]
[Result "0-1"]
[WhiteElo "1931"]
[BlackElo "1756"]
[PlyCount "56"]
[EventDate "2023.11.18"]
[EventType "team-tourn"]
[EventRounds "11"]
[EventCountry "ENG"]
[SourceTitle "EXT 2025"]
[Source "ChessBase"]
[SourceDate "2024.10.14"]
[SourceVersion "1"]
[SourceVersionDate "2024.10.14"]
[SourceQuality "1"]
[WhiteTeam "Ashfield"]
[BlackTeam "Shropshire and Friends"]
[WhiteTeamCountry "ENG"]
[BlackTeamCountry "ENG"]

1. e4 c5 2. Nc3 a6 3. g3 g6 4. Bg2 Bg7 5. d3 Nc6 6. Be3 d6 7. Qd2 e6 8. Nge2 h6 9. 0-0 Nge7 10. Nd1 b5 11. c3 Bd7 12. f4 f5 13. Nf2 Rb8 14. e5 dxe5 15. Bxc5 0-0 16. Bd6 Rc8 17. fxe5 Bxe5 18. Bxe5 Nxe5 19. Qxh6 Bc6 20. Nd4 Bd5 21. Qe3 N7c6 22. Nxc6 Nxc6 23. Bxd5 Qxd5 24. d4 e5 25. dxe5 Nxe5 26. Nh3 Rfe8 27. Ng5 Nf7 28. Qf3 Qc5+ 0-1

[Event "BCF-chT3W 2223 (4NCL)"]
[Site "England"]
[Date "2023.04.29"]
[Round "9.66"]
[White "Headlong, Georgia"]
[Black "Walker, Andrew N"]
[Result "0-1"]
[WhiteElo "1694"]
[BlackElo "1921"]
[PlyCount "108"]
[EventDate "2022.10.22"]
[EventType "team-tourn"]
[EventRounds "11"]
[EventCountry "ENG"]
[SourceTitle "EXT 2024"]
[Source "ChessBase"]
[SourceDate "2023.10.10"]
[SourceVersion "1"]
[SourceVersionDate "2023.10.10"]
[SourceQuality "1"]
[WhiteTeam "Brown Jack"]
[BlackTeam "Ashfield"]
[WhiteTeamCountry "ENG"]
[BlackTeamCountry "ENG"]

1. e4 e5 2. Nf3 Nc6 3. Nc3 Nf6 4. Bb5 Bc5 5. 0-0 d6 6. d4 exd4 7. Nxd4 Bd7 8. Bxc6 bxc6 9. Bg5 h6 10. Bh4 g5 11. Bg3 0-0 12. f4 Bg4 13. Qd2 Nh5 14. f5 Nxg3 15. hxg3 Qf6 16. Rad1 Bxd1 17. Rxd1 Rfe8 18. Kh2 Qxd4 19. Qxd4 Bxd4 20. Rxd4 Rab8 21. b3 a5 22. Rc4 Rb6 23. g4 Re5 24. Rd4 Rb4 25. Rd3 Rb8 26. Kg3 Rd8 27. Kf2 d5 28. Rd4 Rd6 29. Ra4 d4 30. Ne2 Rxe4 31. Kf3 Re3+ 32. Kf2 Re5 33. Rc4 d3 34. cxd3 Rxd3 35. Rc2 Re4 36. Ng1 Rxg4 37. Nf3 Rf4 38. Ke2 Rd5 39. Rxc6 Re5+ 40. Kf2 Rexf5 41. Kg3 h5 42. Rxc7 h4+ 43. Kh2 h3 44. Rc2 hxg2 45. Kxg2 Rg4+ 46. Kh3 Rgf4 47. Ng1 Rf2 48. Rc8+ Kg7 49. a3 Rf1 50. Ne2 R5f3+ 51. Kg4 Rxb3 52. Kxg5 Rxa3 53. Nf4 f6+ 54. Kf5 Ra4 0-1

[Event "BCF-chT4 2223 (4NCL)"]
[Site "England"]
[Date "2023.01.07"]
[Round "3.31"]
[White "Walker, Andrew N"]
[Black "Waddington, Mike P"]
[Result "1/2-1/2"]
[WhiteElo "1925"]
[BlackElo "2097"]
[PlyCount "69"]
[EventDate "2022.11.05"]
[EventType "team-swiss"]
[EventRounds "11"]
[EventCountry "ENG"]
[SourceTitle "EXT 2024"]
[Source "ChessBase"]
[SourceDate "2023.10.10"]
[SourceVersion "1"]
[SourceVersionDate "2023.10.10"]
[SourceQuality "1"]
[WhiteTeam "Ashfield II"]
[BlackTeam "Poole Patzers"]
[WhiteTeamCountry "ENG"]
[BlackTeamCountry "ENG"]

1. e4 c5 2. Nc3 Nc6 3. g3 g6 4. Bg2 Bg7 5. d3 e5 6. Be3 d6 7. Qd2 Nd4 8. Nce2 Nf6 9. c3 Ne6 10. h3 b6 11. f4 Bb7 12. Nf3 Qc7 13. c4 0-0-0 14. 0-0 exf4 15. Nxf4 Nxf4 16. Bxf4 Nh5 17. a4 Nxf4 18. gxf4 Bh6 19. a5 d5 20. cxd5 Bxf4 21. Qc3 f5 22. axb6 axb6 23. Ra7 Rhe8 24. Nd2 Kb8 25. Rfa1 Qe5 26. Qa3 Re7 27. Nc4 Qd4+ 28. Kh1 Qf2 29. Rf1 Qg3 30. Rxf4 Qxf4 31. Nxb6 Qc1+ 32. Kh2 Qf4+ 33. Kh1 Qc1+ 34. Kh2 Qf4+ 35. Kh1 1/2-1/2

[Event "BCF-chT3Sa 1920 (4NCL)"]
[Site "England"]
[Date "2020.02.09"]
[Round "6.42"]
[White "Walker, Andrew N"]
[Black "Terry, Sean"]
[Result "1/2-1/2"]
[WhiteElo "1960"]
[BlackElo "1914"]
[PlyCount "38"]
[EventDate "2019.11.09"]
[EventType "team-tourn"]
[EventRounds "11"]
[EventCountry "ENG"]
[SourceTitle "EXT 2023"]
[Source "ChessBase"]
[SourceDate "2022.10.05"]
[SourceVersion "1"]
[SourceVersionDate "2022.10.05"]
[SourceQuality "1"]
[WhiteTeam "Ashfield"]
[BlackTeam "Oxford III"]
[WhiteTeamCountry "ENG"]
[BlackTeamCountry "ENG"]

1. e4 c6 2. d4 d5 3. exd5 cxd5 4. c4 Nf6 5. Nc3 Nc6 6. Bg5 dxc4 7. Nf3 e6 8. Bxc4 Be7 9. 0-0 Nd5 10. Bxe7 Ncxe7 11. Qb3 0-0 12. Rfe1 b6 13. Nxd5 Nxd5 14. Bxd5 Qxd5 15. Qxd5 exd5 16. Rac1 Be6 17. Ng5 Rfc8 18. Nxe6 fxe6 19. Kf1 Kf7 1/2-1/2

[Event "BCF-chT3Sa 1920 (4NCL)"]
[Site "England"]
[Date "2020.01.12"]
[Round "4.32"]
[White "Davison, Chris"]
[Black "Walker, Andrew N"]
[Result "1-0"]
[WhiteElo "2053"]
[BlackElo "1960"]
[PlyCount "129"]
[EventDate "2019.11.09"]
[EventType "team-tourn"]
[EventRounds "11"]
[EventCountry "ENG"]
[SourceTitle "EXT 2023"]
[Source "ChessBase"]
[SourceDate "2022.10.05"]
[SourceVersion "1"]
[SourceVersionDate "2022.10.05"]
[SourceQuality "1"]
[WhiteTeam "Poisoned Pawns"]
[BlackTeam "Ashfield"]
[WhiteTeamCountry "ENG"]
[BlackTeamCountry "ENG"]

1. e4 e5 2. Nf3 Nc6 3. d4 exd4 4. Nxd4 Bc5 5. Nb3 Bb6 6. a4 a5 7. Nc3 Qf6 8. Qe2 Nge7 9. Nd5 Nxd5 10. exd5+ Ne7 11. h4 Qd6 12. Rh3 0-0 13. c4 Nf5 14. Qe4 Qe7 15. Qxe7 Nxe7 16. c5 Ba7 17. Rd3 d6 18. Bf4 Ng6 19. Bg3 Bf5 20. Rd2 Rfe8+ 21. Kd1 Ne5 22. Nd4 Bg4+ 23. f3 Bd7 24. Nb5 Bxb5 25. Bxb5 c6 26. dxc6 bxc6 27. Bxe5 Rxe5 28. Bxc6 Rd8 29. Rxd6 Rb8 30. Bb5 Bxc5 31. Rd7 Re7 32. Rxe7 Bxe7 33. h5 Bf6 34. Kc2 Rc8+ 35. Kb3 Bg5 36. Rd1 Rd8 37. Re1 Kf8 38. Re2 Be7 39. Rc2 Bd6 40. Rc6 Bb4 41. Rc7 Rd6 42. Bc4 Rf6 43. Bd5 h6 44. Kc4 g6 45. hxg6 fxg6 46. g4 h5 47. gxh5 gxh5 48. Rh7 Rf4+ 49. Kd3 Be7 50. Rxh5 Rxa4 51. Rf5+ Kg7 52. Rf7+ Kg6 53. Rxe7 Rb4 54. b3 a4 55. Re4 Rb5 56. Bc4 Rf5 57. bxa4 Rxf3+ 58. Kd4 Ra3 59. Kc5 Kf5 60. Bd5 Ra1 61. Rb4 Ke5 62. Bc4 Ra3 63. Kb6 Kd4 64. a5 Kc3 65. Rb3+ 1-0

[Event "BCF-chT3Sa 1920 (4NCL)"]
[Site "England"]
[Date "2020.01.11"]
[Round "3.22"]
[White "Walker, Andrew N"]
[Black "Frostick, Clive A"]
[Result "1/2-1/2"]
[WhiteElo "1960"]
[BlackElo "2091"]
[PlyCount "41"]
[EventDate "2019.11.09"]
[EventType "team-tourn"]
[EventRounds "11"]
[EventCountry "ENG"]
[SourceTitle "EXT 2023"]
[Source "ChessBase"]
[SourceDate "2022.10.05"]
[SourceVersion "1"]
[SourceVersionDate "2022.10.05"]
[SourceQuality "1"]
[WhiteTeam "Ashfield"]
[BlackTeam "CSC"]
[WhiteTeamCountry "ENG"]
[BlackTeamCountry "ENG"]

1. e4 c5 2. d4 cxd4 3. c3 Nf6 4. e5 Nd5 5. Nf3 Nc6 6. Bc4 Nb6 7. Bb3 d5 8. exd6 Qxd6 9. cxd4 Be6 10. 0-0 Bxb3 11. Qxb3 e6 12. Nc3 Be7 13. Nb5 Qb8 14. Bg5 Nd5 15. Bxe7 Ndxe7 16. Nc3 0-0 17. Rad1 Rd8 18. d5 exd5 19. Nxd5 Nxd5 20. Rxd5 Rxd5 21. Qxd5 1/2-1/2

[Event "BCF-chT4S 1819 (4NCL)"]
[Site "England"]
[Date "2019.01.13"]
[Round "4.25"]
[White "Price, Andrew"]
[Black "Walker, Andrew N"]
[Result "1/2-1/2"]
[WhiteElo "1772"]
[BlackElo "1952"]
[PlyCount "48"]
[EventDate "2018.11.17"]
[EventType "team-swiss"]
[EventRounds "11"]
[EventCountry "ENG"]
[SourceTitle "EXT 2021"]
[Source "ChessBase"]
[SourceDate "2020.10.23"]
[SourceVersion "1"]
[SourceVersionDate "2020.10.23"]
[SourceQuality "1"]
[WhiteTeam "Throw in the Tal"]
[BlackTeam "Ashfield"]
[WhiteTeamCountry "ENG"]
[BlackTeamCountry "ENG"]

1. e4 e5 2. Nc3 Nf6 3. f4 d5 4. fxe5 Nxe4 5. d3 Bb4 6. Nge2 Nxc3 7. bxc3 Be7 8. Bf4 0-0 9. Qd2 c6 10. d4 f6 11. exf6 Bxf6 12. Nc1 Bg4 13. Be2 Bxe2 14. Nxe2 Nd7 15. 0-0 Nb6 16. Rab1 Nc4 17. Qd3 b6 18. Rf3 Rf7 19. Rbf1 Qe7 20. Ng3 Raf8 21. Nf5 Qe6 22. Bd2 Qe4 23. Be3 Nxe3 24. Nxe3 Qxd3 1/2-1/2

[Event "BCF-chT4S 1819 (4NCL)"]
[Site "England"]
[Date "2019.01.12"]
[Round "3.45"]
[White "Chong, Kimberly"]
[Black "Walker, Andrew N"]
[Result "1/2-1/2"]
[WhiteElo "1682"]
[BlackElo "1952"]
[PlyCount "57"]
[EventDate "2018.11.17"]
[EventType "team-swiss"]
[EventRounds "11"]
[EventCountry "ENG"]
[SourceTitle "EXT 2021"]
[Source "ChessBase"]
[SourceDate "2020.10.23"]
[SourceVersion "1"]
[SourceVersionDate "2020.10.23"]
[SourceQuality "1"]
[WhiteTeam "Fischer's Catch"]
[BlackTeam "Ashfield"]
[WhiteTeamCountry "WLS"]
[BlackTeamCountry "ENG"]

1. e4 e5 2. Nf3 Nc6 3. Bc4 Be7 4. 0-0 Nf6 5. Re1 0-0 6. c3 d6 7. h3 Na5 8. Bf1 Be6 9. d4 exd4 10. cxd4 d5 11. e5 Ne4 12. Nfd2 Nxd2 13. Nxd2 c5 14. f4 f5 15. Nf3 c4 16. Ng5 Qd7 17. Qh5 h6 18. Nxe6 Qxe6 19. Be2 Nc6 20. Rd1 Bd8 21. Bxc4 Bb6 22. Kh1 Nxd4 23. Be3 dxc4 24. Bxd4 Rad8 25. Bxb6 Qxb6 26. Rxd8 Rxd8 27. Rd1 Rd3 28. Qe2 Qd4 29. Re1 1/2-1/2

[Event "BCF-chT3N 1718 (4NCL)"]
[Site "England"]
[Date "2018.03.18"]
[Round "8.61"]
[White "Walker, Andrew N"]
[Black "Rahulan, Thivyaa"]
[Result "1/2-1/2"]
[WhiteElo "2039"]
[BlackElo "1737"]
[PlyCount "43"]
[EventDate "2017.11.11"]
[EventType "team-swiss"]
[EventRounds "11"]
[EventCountry "ENG"]
[SourceTitle "EXT 2020"]
[Source "ChessBase"]
[SourceDate "2019.10.17"]
[SourceVersion "1"]
[SourceVersionDate "2019.10.17"]
[SourceQuality "1"]
[WhiteTeam "Ashfield Breadsall"]
[BlackTeam "Manchester Manticores II"]
[WhiteTeamCountry "ENG"]
[BlackTeamCountry "ENG"]

1. f4 d5 2. Nf3 Nf6 3. e3 g6 4. Be2 Bg7 5. 0-0 0-0 6. d3 c5 7. Qe1 Nc6 8. a4 Re8 9. Qg3 e5 10. Nxe5 Nxe5 11. fxe5 Rxe5 12. Nc3 Re7 13. Bf3 Be6 14. e4 dxe4 15. Nxe4 Qd4+ 16. Kh1 Nxe4 17. Bxe4 Rc8 18. c3 Qd7 19. Bg5 Ree8 20. Bf6 Bd5 21. Bf5 Be6 22. Be4 1/2-1/2

[Event "BCF-chT3N 1718 (4NCL)"]
[Site "England"]
[Date "2017.11.11"]
[Round "1.82"]
[White "Walker, Andrew N"]
[Black "Lewis, Christopher"]
[Result "1/2-1/2"]
[WhiteElo "2064"]
[BlackElo "1807"]
[PlyCount "45"]
[EventDate "2017.11.11"]
[EventType "team-swiss"]
[EventRounds "11"]
[EventCountry "ENG"]
[SourceTitle "EXT 2020"]
[Source "ChessBase"]
[SourceDate "2019.10.17"]
[SourceVersion "1"]
[SourceVersionDate "2019.10.17"]
[SourceQuality "1"]
[WhiteTeam "Ashfield Breadsall"]
[BlackTeam "Shropshire II"]
[WhiteTeamCountry "ENG"]
[BlackTeamCountry "ENG"]

1. e4 c6 2. Nc3 d5 3. Nf3 dxe4 4. Nxe4 Bf5 5. Ng3 Bg6 6. Bc4 e6 7. 0-0 Nf6 8. d4 Be7 9. c3 Nbd7 10. Re1 Qc7 11. Ne5 0-0-0 12. Bf4 Bd6 13. Qf3 Rhf8 14. Nd3 c5 15. Bxd6 Qxd6 16. dxc5 Nxc5 17. Nxc5 Qxc5 18. Bb3 Rd2 19. Re2 Rfd8 20. Rae1 R8d3 21. Qf4 Qd6 22. Qxd6 Rxd6 23. Rxd2 1/2-1/2

[Event "BCF-chT3N 1617 (4NCL)"]
[Site "England"]
[Date "2017.04.29"]
[Round "9.21"]
[White "Lupulescu, Constantin"]
[Black "Walker, Andrew N"]
[Result "1-0"]
[WhiteElo "2616"]
[BlackElo "2066"]
[PlyCount "51"]
[EventDate "2016.11.26"]
[EventType "team-swiss"]
[EventRounds "11"]
[EventCountry "ENG"]
[SourceTitle "EXT 2019"]
[Source "ChessBase"]
[SourceDate "2018.10.10"]
[SourceVersion "1"]
[SourceVersionDate "2018.10.10"]
[SourceQuality "1"]
[WhiteTeam "Manx Liberty"]
[BlackTeam "Ashfield Breadsall"]
[WhiteTeamCountry "IOM"]
[BlackTeamCountry "ENG"]

1. d4 f5 2. Nf3 Nf6 3. g3 e6 4. Bg2 Be7 5. 0-0 0-0 6. c4 d6 7. b3 Ne4 8. Bb2 Bf6 9. Nfd2 Nxd2 10. Qxd2 Nd7 11. e4 fxe4 12. Nc3 e5 13. Nxe4 exd4 14. Nxf6+ Qxf6 15. Bxd4 Qg6 16. Rae1 Nf6 17. Re7 c6 18. Rfe1 Rf7 19. Bc3 Bf5 20. Qxd6 Rxe7 21. Rxe7 Re8 22. Rxb7 Be4 23. Bxf6 gxf6 24. Bxe4 Rxe4 25. Rb8+ Re8 26. Qe6+ 1-0

[Event "BCF-chT3Sb 1516 (4NCL)"]
[Site "England"]
[Date "2016.02.13"]
[Round "5.116"]
[White "Fowler, David W"]
[Black "Walker, Andrew N"]
[Result "1/2-1/2"]
[WhiteElo "1897"]
[BlackElo "2074"]
[PlyCount "101"]
[EventDate "2015.11.14"]
[EventType "team-swiss"]
[EventRounds "7"]
[EventCountry "ENG"]
[SourceTitle "EXT 2017"]
[Source "ChessBase"]
[SourceDate "2016.10.25"]
[SourceVersion "1"]
[SourceVersionDate "2016.10.25"]
[SourceQuality "1"]
[WhiteTeam "CSC Rhinos II"]
[BlackTeam "Ashfield Breadsall"]
[WhiteTeamCountry "ENG"]
[BlackTeamCountry "ENG"]

1. d4 f5 2. Nc3 d5 3. Bf4 Nf6 4. e3 c6 5. h3 Qa5 6. Bd3 e6 7. Nge2 Bb4 8. a3 Be7 9. b4 Qd8 10. 0-0 0-0 11. Na4 Nbd7 12. c4 Nb6 13. c5 Nxa4 14. Qxa4 Nh5 15. Be5 Bf6 16. f4 g5 17. g3 Bxe5 18. dxe5 Rf7 19. Kh2 Bd7 20. Rg1 gxf4 21. gxf4+ Rg7 22. Rxg7+ Kxg7 23. Rg1+ Kh8 24. Rg5 Qe8 25. Nd4 h6 26. Rg2 Qf7 27. Qd1 a6 28. Bxf5 exf5 29. e6 Bxe6 30. Nxe6 Qxe6 31. Qxh5 Rg8 32. Rxg8+ Kxg8 33. Qe2 Kh7 34. Qd3 Qg6 35. Qd1 h5 36. Qe1 Qf6 37. Qe2 Kh6 38. Qd2 h4 39. Qd4 Qxd4 40. exd4 Kg6 41. Kg2 Kf6 42. Kf3 Ke6 43. Ke3 Kd7 44. Kd3 Kc7 45. Kc3 b5 46. cxb6+ Kxb6 47. Kb2 Kb7 48. Kb3 Kc7 49. Ka4 Kb6 50. Kb3 Kc7 51. Ka4 1/2-1/2

[Event "BCF-chT3S 1415 (4NCL)"]
[Site "England"]
[Date "2014.11.15"]
[Round "1.126"]
[White "Walker, Andrew N"]
[Black "Golding, James"]
[Result "1-0"]
[WhiteElo "2089"]
[BlackElo "1713"]
[PlyCount "51"]
[EventDate "2014.11.15"]
[EventType "team-swiss"]
[EventRounds "6"]
[EventCountry "ENG"]
[SourceTitle "CBM 163 Extra"]
[Source "ChessBase"]
[SourceDate "2014.12.23"]
[SourceVersion "1"]
[SourceVersionDate "2014.12.23"]
[SourceQuality "1"]
[WhiteTeam "Ashfield Breadsall"]
[BlackTeam "Check Us Out"]
[WhiteTeamCountry "ENG"]
[BlackTeamCountry "ENG"]

1. e4 e5 2. Nf3 Nc6 3. Bb5 a6 4. Ba4 Nf6 5. Qe2 b5 6. Bb3 Bc5 7. c3 d6 8. 0-0 Bg4 9. h3 Bh5 10. d3 Qd7 11. Be3 Bb6 12. Rd1 0-0 13. Nbd2 h6 14. Nf1 Rfe8 15. Ng3 Bg6 16. Nh4 Bh7 17. Nh5 Qd8 18. Nxf6+ gxf6 19. Bd5 Qd7 20. Bxh6 Rab8 21. Bxc6 Qxc6 22. Qg4+ Bg6 23. Nxg6 Kh7 24. Ne7 Bxf2+ 25. Kh1 Rg8 26. Qf5+ 1-0

[Event "Branchburg DOCA 2nd"]
[Site "Branchburg"]
[Date "2010.08.22"]
[Round "9"]
[White "Walker, Andrew N"]
[Black "Swaminathan, Rahul K"]
[Result "1/2-1/2"]
[WhiteElo "2096"]
[BlackElo "2085"]
[PlyCount "50"]
[EventDate "2010.08.13"]
[EventType "tourn"]
[EventRounds "9"]
[EventCountry "USA"]
[SourceTitle "CBM 138 Extra"]
[Source "ChessBase"]
[SourceDate "2010.10.29"]
[SourceVersion "1"]
[SourceVersionDate "2010.10.29"]
[SourceQuality "1"]

1. d4 Nf6 2. c4 g6 3. Nc3 d5 4. cxd5 Nxd5 5. e4 Nxc3 6. bxc3 Bg7 7. Bc4 c5 8. Ne2 0-0 9. 0-0 Nc6 10. Be3 Bg4 11. f3 Na5 12. Bd5 Bd7 13. Rb1 Qc8 14. dxc5 Rd8 15. Qc1 e6 16. Bb3 Bf8 17. Bd4 Bxc5 18. Qf4 Bxd4+ 19. cxd4 Nxb3 20. Rxb3 Qc4 21. Re1 b6 22. Qe3 Ba4 23. Rc3 Qa6 24. Nf4 Rac8 25. d5 e5 1/2-1/2

[Event "Branchburg DOCA 2nd"]
[Site "Branchburg"]
[Date "2010.08.15"]
[Round "4"]
[White "Grasso, David"]
[Black "Walker, Andrew N"]
[Result "0-1"]
[WhiteElo "2168"]
[BlackElo "2096"]
[PlyCount "83"]
[EventDate "2010.08.13"]
[EventType "tourn"]
[EventRounds "9"]
[EventCountry "USA"]
[SourceTitle "CBM 138 Extra"]
[Source "ChessBase"]
[SourceDate "2010.10.29"]
[SourceVersion "1"]
[SourceVersionDate "2010.10.29"]
[SourceQuality "1"]

1. d4 d5 2. c4 e6 3. Nf3 Nf6 4. g3 dxc4 5. Bg2 Nc6 6. Qa4 Bd6 7. Nbd2 0-0 8. 0-0 a6 9. Qxc4 Re8 10. e4 e5 11. d5 Na5 12. Qa4 b6 13. Qc2 Bd7 14. a3 c5 15. b3 Rc8 16. Bb2 b5 17. Rfe1 Qb6 18. h3 Nb7 19. Bf1 c4 20. b4 Bb8 21. Bc3 Ba7 22. Re2 Nh5 23. Kh2 Qf6 24. Bg2 g5 25. Qb2 Bb8 26. Ng1 Qh6 27. Rf1 Nf6 28. f3 Rcd8 29. Rfe1 Nh5 30. Nf1 Qf6 31. Qc1 Ba7 32. Ne3 Nxg3 33. Kxg3 Qf4+ 34. Kf2 Nd6 35. Kf1 Nxe4 36. Bh1 Ng3+ 37. Kg2 Nxe2 38. Rxe2 e4 39. Bd2 exf3+ 40. Nxf3 g4 41. hxg4 Bxg4 42. Kf2 0-1

[Event "BCF-chT3 0910 (4NCL)"]
[Site "England"]
[Date "2010.05.03"]
[Round "11.2"]
[White "Kalid, Raphael"]
[Black "Walker, Andrew N"]
[Result "0-1"]
[WhiteElo "1786"]
[BlackElo "2087"]
[PlyCount "94"]
[EventDate "2009.10.24"]
[EventType "team-tourn"]
[EventRounds "11"]
[EventCountry "ENG"]
[SourceTitle "EXT 2011"]
[Source "ChessBase"]
[SourceDate "2010.11.26"]
[SourceVersion "1"]
[SourceVersionDate "2010.11.26"]
[SourceQuality "1"]
[WhiteTeam "KJCA Knights"]
[BlackTeam "Nottinghamshire"]
[WhiteTeamCountry "ENG"]
[BlackTeamCountry "ENG"]

1. e4 e5 2. Nf3 Nc6 3. Nc3 Nf6 4. d4 exd4 5. Nxd4 Bc5 6. Be3 Nxd4 7. Bxd4 Qe7 8. Bxc5 Qxc5 9. Bd3 0-0 10. 0-0 d6 11. Nd5 Nxd5 12. exd5 Bd7 13. Re1 Rae8 14. Qd2 Re5 15. Rxe5 dxe5 16. Re1 Re8 17. b4 Qd6 18. c4 b6 19. a3 g6 20. f3 b5 21. Qa2 c6 22. Be4 bxc4 23. Qxc4 f5 24. Bc2 cxd5 25. Qd3 Qb6+ 26. Kh1 Qb5 27. Qb3 Qc4 28. Qxc4 dxc4 29. Rd1 Be6 30. Rd6 Kf7 31. Ba4 Rc8 32. Kg1 Ke7 33. Rd1 Rd8 34. Rxd8 Kxd8 35. Kf2 Kc7 36. Ke3 Kd6 37. g3 g5 38. f4 exf4+ 39. gxf4 g4 40. Kd4 h5 41. Bc2 h4 42. Ke3 h3 43. Kf2 Kd5 44. Ke3 g3 45. Bd1 gxh2 46. Bf3+ Kd6 47. Kd4 c3 0-1

[Event "BCF-chT3 0910 (4NCL)"]
[Site "England"]
[Date "2010.03.27"]
[Round "7.2"]
[White "Walker, Andrew N"]
[Black "Burt, William"]
[Result "1-0"]
[WhiteElo "2087"]
[BlackElo "2162"]
[PlyCount "79"]
[EventDate "2009.10.24"]
[EventType "team-tourn"]
[EventRounds "11"]
[EventCountry "ENG"]
[SourceTitle "EXT 2011"]
[Source "ChessBase"]
[SourceDate "2010.11.26"]
[SourceVersion "1"]
[SourceVersionDate "2010.11.26"]
[SourceQuality "1"]
[WhiteTeam "Nottinghamshire"]
[BlackTeam "Oxford II"]
[WhiteTeamCountry "ENG"]
[BlackTeamCountry "ENG"]

1. e4 e5 2. Nf3 Nc6 3. Bb5 f5 4. Nc3 fxe4 5. Nxe4 Nf6 6. d3 d5 7. Ng3 Bd6 8. 0-0 0-0 9. Re1 Bg4 10. Bxc6 bxc6 11. h3 Bxf3 12. Qxf3 Ne4 13. Nf5 Nxf2 14. Qxf2 Kh8 15. g4 g6 16. Bh6 Rf7 17. Bg7+ Rxg7 18. Nxg7 Kxg7 19. Rf1 Qg5 20. Kh1 h5 21. Qf7+ Kh6 22. gxh5 Qxh5 23. Qf3 Qh4 24. Kg2 e4 25. dxe4 dxe4 26. Qe3+ Qg5+ 27. Qxg5+ Kxg5 28. Rae1 Re8 29. Re2 e3 30. Rf7 Re4 31. Rh7 Kf4 32. Rg7 g5 33. Rf7+ Ke5 34. Kf3 Kd4 35. Rf5 Rf4+ 36. Rxf4+ gxf4 37. h4 Be7 38. h5 Ke5 39. h6 Kf6 40. Rg2 1-0

[Event "BCF-chT4 0708 (4NCL)"]
[Site "England"]
[Date "2008.05.04"]
[Round "10.3"]
[White "Bruce, David J"]
[Black "Walker, Andrew N"]
[Result "1-0"]
[WhiteElo "2084"]
[BlackElo "2040"]
[PlyCount "75"]
[EventDate "2007.09.15"]
[EventType "team-swiss"]
[EventRounds "11"]
[EventCountry "ENG"]
[SourceTitle "EXT 2009"]
[Source "ChessBase"]
[SourceDate "2008.11.26"]
[SourceVersion "1"]
[SourceVersionDate "2008.11.26"]
[SourceQuality "1"]
[WhiteTeam "Oxford II"]
[BlackTeam "Nottinghamshire"]
[WhiteTeamCountry "ENG"]
[BlackTeamCountry "ENG"]

1. e4 e5 2. Nf3 Nc6 3. Bc4 Bc5 4. c3 Nf6 5. d3 0-0 6. 0-0 d6 7. Nbd2 Qe7 8. h3 Bb6 9. Bb3 Be6 10. Nc4 h6 11. Re1 Na5 12. Nxa5 Bxa5 13. d4 Bb6 14. Bc2 Bd7 15. b3 Bc6 16. Ba3 exd4 17. e5 Nd7 18. Qd3 g6 19. exd6 Qf6 20. dxc7 Rfe8 21. cxd4 Bxf3 22. Qxf3 Qxd4 23. Rxe8+ Rxe8 24. Rd1 Bxc7 25. Kf1 Qe5 26. g3 Nf6 27. Bd3 Bb6 28. Bc4 Re7 29. Bxe7 Qxe7 30. Re1 Qd6 31. Qxb7 Nd7 32. Qe4 Nf6 33. Qxg6+ Kf8 34. Qxh6+ Kg8 35. Qg6+ Kh8 36. Qxf7 Qd4 37. Re8+ Nxe8 38. Qg8# 1-0

[Event "ENG-ch Seniors"]
[Site "Dovedale"]
[Date "2008.02.01"]
[Round "5"]
[White "Hutchinson, Norman A"]
[Black "Walker, Andrew N"]
[Result "0-1"]
[WhiteElo "2069"]
[BlackElo "1864"]
[PlyCount "66"]
[EventDate "2008.01.28"]
[EventType "swiss"]
[EventRounds "5"]
[EventCountry "ENG"]
[SourceTitle "EXT 2009"]
[Source "ChessBase"]
[SourceDate "2008.11.26"]
[SourceVersion "1"]
[SourceVersionDate "2008.11.26"]
[SourceQuality "1"]

1. e4 e5 2. Nf3 Nc6 3. Bb5 Nf6 4. 0-0 Bc5 5. c3 0-0 6. d4 Bb6 7. Bg5 h6 8. Bh4 d6 9. Re1 Bd7 10. d5 Nb8 11. Bxd7 Nbxd7 12. a4 a5 13. Na3 g5 14. Bg3 Nxe4 15. Rxe4 f5 16. Re2 f4 17. Nc4 fxg3 18. hxg3 Qf6 19. Nxb6 Nxb6 20. Nh2 Qf7 21. Rd2 Nc4 22. Ng4 Kg7 23. Rc2 h5 24. Nh2 Nb6 25. c4 Nd7 26. g4 h4 27. Nf1 Nf6 28. Ne3 Kh8 29. Ra3 b6 30. Nf1 Qg6 31. Rh3 Nxg4 32. Qxg4 Qxc2 33. Qxg5 Qxf2+ 0-1

[Event "BCF-chT4 0708 (4NCL)"]
[Site "England"]
[Date "2007.10.27"]
[Round "1.3"]
[White "Walker, Andrew N"]
[Black "Burgess, Thomas"]
[Result "1-0"]
[WhiteElo "2040"]
[BlackElo "1870"]
[PlyCount "89"]
[EventDate "2007.09.15"]
[EventType "team-swiss"]
[EventRounds "11"]
[EventCountry "ENG"]
[SourceTitle "EXT 2009"]
[Source "ChessBase"]
[SourceDate "2008.11.26"]
[SourceVersion "1"]
[SourceVersionDate "2008.11.26"]
[SourceQuality "1"]
[WhiteTeam "Nottinghamshire"]
[BlackTeam "Celtic Tigers II"]
[WhiteTeamCountry "ENG"]
[BlackTeamCountry "ENG"]

1. e4 e6 2. d4 d5 3. Nc3 Nf6 4. Bg5 dxe4 5. Nxe4 Be7 6. Bxf6 Bxf6 7. Nf3 b6 8. Bd3 Bb7 9. 0-0 Nd7 10. Qe2 0-0 11. Bb5 Be7 12. c3 Nf6 13. Nxf6+ Bxf6 14. Rfe1 Qd5 15. Bd3 Qh5 16. Be4 Bxe4 17. Qxe4 c5 18. g4 Qg6 19. Qxg6 hxg6 20. dxc5 bxc5 21. Rad1 Rfd8 22. Kf1 Kf8 23. Ke2 Ke8 24. Rxd8+ Rxd8 25. Rd1 Rb8 26. Rd2 g5 27. Kd3 Rd8+ 28. Kc4 Rxd2 29. Nxd2 Be7 30. Nb3 Bd6 31. h3 Kd7 32. Nxc5+ Kc6 33. Ne4 Bf4 34. b4 Bc1 35. a4 f5 36. b5+ Kc7 37. gxf5 exf5 38. Ng3 g6 39. Kd5 Kd7 40. c4 Bf4 41. Ne2 Bc7 42. f3 a6 43. bxa6 Bb6 44. c5 Ba7 45. Nd4 1-0